| 000 | 00595cam a22002054a 4500 | ||
|---|---|---|---|
| 020 | _a0974615005 | ||
| 040 | _cDLC | ||
| 082 | _a338 MIA 2003 A073 Or. | ||
| 245 | 0 | 0 | _a10 Floridians / |
| 246 | 3 | _aTen Floridians | |
| 260 |
_aMiami, Fla. : _bMiami Art Central, _cc2003. |
||
| 300 |
_a135 p. : _bill. (some col.) ; _c28 cm. |
||
| 500 | _aCatalog accompanying an exhibition held at Miami Art Central, Dec. 2, 2003-Mar. 28, 2004. | ||
| 650 | 0 | _aArt, Modern | |
| 650 | 0 | _aArt | |
| 700 | 1 | _aGonzález, Manuel E. | |
| 700 | 1 | _aBonnet, Frédéric. | |
| 710 | 2 | _aMiami Art Central. | |
| 942 | _cEK | ||
| 999 |
_c15116 _d15116 |
||